000 00417cam a2200169ua 4500
020 _c3.00
041 _amal
_h
082 _a894.812308
_bKES/SW
100 _aKesavadev, P .
245 _aSwapnam /
_cP Kesavadev.
_hTextual Documents
260 _aKottayam :
_bSahitya Pravarthaka Co-operative Society ,
_c1969.
300 _a196 ; .
365 _a3.00
504 _a
942 _cBK
999 _c5251
_d5251